Socialist upsurge in China's countryside

Tallennettuna:
Bibliografiset tiedot
Aineistotyyppi: Kirja
Kieli:Undetermined
Julkaistu: Peking Foreign Languages Press 1957
Aiheet:
Tagit: Lisää tagi
Ei tageja, Lisää ensimmäinen tagi!
Thư viện lưu trữ: Trung tâm Học liệu Trường Đại học Cần Thơ
LEADER 00488nam a2200181Ia 4500
001 CTU_90705
008 210402s9999 xx 000 0 und d
082 |a 338.1 
082 |b S678 
245 0 |a Socialist upsurge in China's countryside 
260 |a Peking 
260 |b Foreign Languages Press 
260 |c 1957 
650 |a collective farms,china 
650 |x rural conditions 
650 |z china 
904 |i Tuyến 
980 |a Trung tâm Học liệu Trường Đại học Cần Thơ